[Event "11.C.to Italiano femminile"]
[Site "Amelia ITA"]
[Date "1981.10.20"]
[Round "5"]
[White "Corleo, Margherita"]
[Black "Gramignani, Rita"]
[Result "0-1"]
[WhiteElo "1200"]
[BlackElo "1800"]
[Annotator "Gabriele Ballarin"]
[PlyCount "60"]
[EventDate "1981.10.15"]
[EventType "swiss"]
[EventRounds "9"]
[EventCountry "ITA"]

1. e4 c5 2. Nf3 Nc6 3. d4 cxd4 4. Nxd4 Nf6 5. Nc3 d6 6. Bc4 e6 7. O-O Be7 8. Bb3 O-O 9. Be3 a6 10. h3 Bd7 11. f4 Qc7 12. Nf3 b5 13. a3 Rac8 14. Qd3 Rfd8 15. Ne2 Na5 16. Rac1 Nc4 17. Bd4 d5 18. e5 Ne4 19. Bxc4 bxc4 20. Qe3 Bc5 21. Kh2 Bxd4 22. Nexd4 Qb6 23. Rb1 Qa5 24. c3 Qb6 25. Qe2 f6 26. Qe3 f5 27. h4 h6 28. Rg1 Nc5 29. g3 Be8 30. b4 cxb3 {Nur} 0-1

[Event "11.C.to Italiano femminile"]
[Site "Amelia ITA"]
[Date "1981.10.20"]
[Round "5"]
[White "Granatelli, Alda"]
[Black "Pernici, Barbara"]
[Result "0-1"]
[WhiteElo "1200"]
[BlackElo "2000"]
[Annotator "Gabriele Ballarin"]
[PlyCount "76"]
[EventDate "1981.10.15"]
[EventType "swiss"]
[EventRounds "9"]
[EventCountry "ITA"]

1. e4 c5 2. Nf3 Nc6 3. Bb5 g6 4. c3 Nf6 5. Qe2 Bg7 6. O-O O-O 7. d4 cxd4 8. cxd4 d5 9. e5 Ne4 10. Bxc6 bxc6 11. Nc3 Nxc3 12. bxc3 Qa5 13. Qe3 Rb8 14. Bd2 Ba6 15. Rfc1 Bc4 16. Be1 Rb2 17. Nd2 Qb5 18. a4 Qa6 19. Nxc4 Qxc4 20. Bd2 Rfb8 21. Qe1 Qb3 22. a5 a6 23. Bf4 Rb5 24. h3 Qc4 25. Qd1 Ra2 26. Rxa2 Qxa2 27. Bd2 Qc4 28. Rb1 Qd3 29. Rxb5 cxb5 30. Qc1 e6 31. Be3 Bf8 32. Bg5 Qc4 33. Qe3 Qc7 34. f4 h6 35. Bf6 Qxa5 36. f5 Qc7 37. fxg6 fxg6 38. h4 Bg7 0-1

[Event "11.C.to Italiano femminile"]
[Site "Amelia ITA"]
[Date "1981.10.20"]
[Round "5"]
[White "Iacono, Rosaria"]
[Black "Perini, Gianna"]
[Result "1/2-1/2"]
[WhiteElo "1400"]
[BlackElo "1400"]
[Annotator "Gabriele Ballarin"]
[PlyCount "105"]
[EventDate "1981.10.15"]
[EventType "swiss"]
[EventRounds "9"]
[EventCountry "ITA"]

1. b3 Nf6 2. Bb2 g6 3. e3 Bg7 4. Nf3 Nc6 5. c4 O-O 6. Be2 d6 7. O-O e5 8. d4 exd4 9. Nxd4 Nxd4 10. Bxd4 c5 11. Bb2 Be6 12. Bf3 Qc7 13. Nc3 Rab8 14. Nb5 Qe7 15. Qxd6 Qxd6 16. Nxd6 b6 17. Nb5 a6 18. Nc7 Bc8 19. Rad1 b5 20. Rd6 Ne8 21. Bxg7 Kxg7 22. Nxe8+ Rxe8 23. cxb5 axb5 24. Rfd1 Be6 25. Bd5 Bxd5 26. R6xd5 c4 27. Rc5 Red8 28. Rxd8 Rxd8 29. g3 cxb3 30. axb3 Rb8 31. Kf1 Rb7 32. Ke2 f5 33. Kd3 Kf6 34. Kc3 b4+ 35. Kc4 Rd7 36. Kxb4 Rd2 37. Kc3 Rxf2 38. b4 Rxh2 39. b5 Rh1 40. Kb2 Rd1 41. Rc7 Rd5 42. Rc6+ Ke5 43. b6 Rb5+ 44. Kc3 Kd5 45. Rf6 Kc5 46. Rf7 Rb4 47. Rxh7 Rxb6 48. Rc7+ Kd5 49. Kd3 Ke5 50. Ke2 g5 51. Rc5+ Kf6 52. Rc4 Ke5 53. Rc5+ 1/2-1/2

[Event "11.C.to Italiano femminile"]
[Site "Amelia ITA"]
[Date "1981.10.20"]
[Round "5"]
[White "Moscatiello, Annamaria"]
[Black "Minniti, Enza"]
[Result "1-0"]
[WhiteElo "1400"]
[BlackElo "1400"]
[Annotator "Gabriele Ballarin"]
[PlyCount "41"]
[EventDate "1981.10.15"]
[EventType "swiss"]
[EventRounds "9"]
[EventCountry "ITA"]

1. e4 c5 2. Nc3 e6 3. g3 Nc6 4. Bg2 e5 5. d3 d6 6. f4 f5 7. Nf3 fxe4 8. dxe4 Qc7 9. Nd5 Qd8 10. O-O Bg4 11. Qe1 Qd7 12. a4 exf4 13. Bxf4 Be7 14. e5 O-O-O 15. e6 Qxe6 16. Qxe6+ Bxe6 17. Ng5 Bxg5 18. Bxg5 Re8 19. Rae1 Bd7 20. Rxe8+ Bxe8 21. Rf8 1-0

[Event "11.C.to Italiano femminile"]
[Site "Amelia ITA"]
[Date "1981.10.21"]
[Round "6"]
[White "Granatelli, Alda"]
[Black "Chiapponi, Paola"]
[Result "1/2-1/2"]
[WhiteElo "1200"]
[BlackElo "1400"]
[Annotator "Gabriele Ballarin"]
[PlyCount "75"]
[EventDate "1981.10.15"]
[EventType "swiss"]
[EventRounds "9"]
[EventCountry "ITA"]

1. e4 e5 2. Nf3 Nf6 3. d4 Nxe4 4. Bd3 d5 5. Nxe5 Be6 6. O-O Be7 7. Nd2 f5 8. Qh5+ Kf8 9. Ng6+ Kg8 10. Nxh8 Kxh8 11. Bxe4 fxe4 12. Re1 Nd7 13. Nf1 Nf6 14. Qe2 Qd6 15. Be3 Rf8 16. h3 h6 17. Ng3 Nh7 18. Qd2 Ng5 19. Bxg5 Bxg5 20. Qe2 g6 21. Nh1 h5 22. a4 Qf4 23. Ra3 h4 24. g3 Qf7 25. c4 c6 26. c5 Qd7 27. gxh4 Bxh4 28. Qe3 Kg7 29. Qd2 Bxh3 30. Ng3 Qe7 31. Kh2 Bg4 32. f4 Rh8 33. Kg2 Bxg3 34. Rxg3 Qh4 35. Kf2 Qh2+ 36. Rg2 Qh4+ 37. Rg3 Qh2+ 38. Rg2 1/2-1/2

[Event "11.C.to Italiano femminile"]
[Site "Amelia ITA"]
[Date "1981.10.21"]
[Round "6"]
[White "Leoni, Laura"]
[Black "Ameglio, Lucia"]
[Result "1-0"]
[WhiteElo "1400"]
[BlackElo "800"]
[Annotator "Gabriele Ballarin"]
[PlyCount "38"]
[EventDate "1981.10.15"]
[EventType "swiss"]
[EventRounds "9"]
[EventCountry "ITA"]

1. d4 d5 2. Nf3 e6 3. g3 Bd6 4. Bg2 Nc6 5. O-O Bd7 6. Re1 Qe7 7. Nbd2 O-O-O 8. c4 Nf6 9. c5 Rhe8 10. cxd6 Qxd6 11. Ne5 Re7 12. Ndf3 b5 13. Bg5 Rf8 14. Nxc6 Bxc6 15. Ne5 Ree8 16. Bf3 Ng4 17. Nxc6 Qxc6 18. h3 f6 19. Bd2 Nh6 {Nur} 1-0

[Event "11.C.to Italiano femminile"]
[Site "Amelia ITA"]
[Date "1981.10.21"]
[Round "6"]
[White "Minniti, Enza"]
[Black "Perini, Gianna"]
[Result "1-0"]
[WhiteElo "1400"]
[BlackElo "1400"]
[Annotator "Gabriele Ballarin"]
[PlyCount "107"]
[EventDate "1981.10.15"]
[EventType "swiss"]
[EventRounds "9"]
[EventCountry "ITA"]

1. d4 Nf6 2. c4 g6 3. Nc3 Bg7 4. Nf3 d6 5. h3 O-O 6. b3 c6 7. Bb2 Nbd7 8. e3 Re8 9. Be2 a6 10. O-O Qc7 11. Qc2 e5 12. dxe5 dxe5 13. e4 Nf8 14. c5 Nh5 15. b4 Nf4 16. Bc4 Be6 17. Ne2 Rad8 18. Nxf4 exf4 19. Bxg7 Kxg7 20. Bxe6 Nxe6 21. Qc3+ f6 22. e5 fxe5 23. Nxe5 Kg8 24. Ng4 Nd4 25. Nf6+ Kf8 26. Nxe8 Kxe8 27. Qc4 Rd5 28. Rfe1+ Kf8 29. Re4 Nf5 30. Rxf4 Kg7 31. Qc3+ Kh6 32. Re4 Qd8 33. Qc1+ Kg7 34. Qc3+ Kh6 35. Rae1 Nd4 36. Re8 Qf6 37. Qe3+ Rg5 38. Rd1 Nf3+ 39. Kh1 Nh4 40. g3 Nf5 41. Qd3 Ne7 42. h4 Re5 43. Qd2+ Kg7 44. f4 Rd5 45. Qe2 Nf5 46. Kh2 Qc3 47. Rxd5 Qxg3+ 48. Kh1 Qh3+ 49. Kg1 cxd5 50. h5 d4 51. h6+ Qxh6 52. Qe5+ Kf7 53. Qe6+ Kg7 54. Rg8# 1-0

[Event "11.C.to Italiano femminile"]
[Site "Amelia ITA"]
[Date "1981.10.21"]
[Round "6"]
[White "Pernici, Barbara"]
[Black "Moscatiello, Annamaria"]
[Result "1-0"]
[WhiteElo "2000"]
[BlackElo "1400"]
[Annotator "Gabriele Ballarin"]
[PlyCount "77"]
[EventDate "1981.10.15"]
[EventType "swiss"]
[EventRounds "9"]
[EventCountry "ITA"]

1. e4 c6 2. d4 d5 3. e5 Bf5 4. Nc3 e6 5. g4 Bg6 6. Nge2 c5 7. Be3 Nd7 8. dxc5 Bxc5 9. Bxc5 Nxc5 10. Nf4 a6 11. h4 d4 12. Nce2 d3 13. cxd3 Bxd3 14. b4 Bxe2 15. Qxd8+ Rxd8 16. Bxe2 Nd7 17. Nd3 Ne7 18. Rc1 Nc6 19. f4 Rc8 20. Bf3 Ke7 21. Bxc6 Rxc6 22. Rxc6 bxc6 23. Ke2 Rb8 24. Rc1 Rb6 25. a3 Kd8 26. Ke3 a5 27. bxa5 Rb3 28. a4 Ra3 29. Rc4 Nb8 30. Ke4 Ra1 31. f5 Rg1 32. Kf4 Rh1 33. fxe6 fxe6 34. Nc5 Ke7 35. a6 Nd7 36. Nxd7 Kxd7 37. a7 Rf1+ 38. Ke3 Rf8 39. Rf4 1-0

[Event "11.C.to Italiano femminile"]
[Site "Amelia ITA"]
[Date "1981.10.22"]
[Round "7"]
[White "Ameglio, Lucia"]
[Black "Corleo, Margherita"]
[Result "0-1"]
[WhiteElo "800"]
[BlackElo "1200"]
[Annotator "Gabriele Ballarin"]
[PlyCount "54"]
[EventDate "1981.10.15"]
[EventType "swiss"]
[EventRounds "9"]
[EventCountry "ITA"]

1. d4 d5 2. c4 e6 3. g3 g6 4. Bg2 Bg7 5. Nf3 Nf6 6. O-O O-O 7. Bg5 dxc4 8. Nbd2 a6 9. Bf4 Nd5 10. e3 g5 11. e4 gxf4 12. exd5 exd5 13. gxf4 Bg4 14. Qc2 Nc6 15. Qc3 Qf6 16. Ne5 Qxf4 17. Nxg4 Qxg4 18. Nf3 Nxd4 19. Nxd4 Bxd4 20. Qa5 c6 21. Rab1 Be5 22. h3 Qf4 23. f3 Qh2+ 24. Kf2 Bd4+ 25. Ke2 Rfe8+ 26. Kd1 Qxg2 27. Qd2 Qxf1+ 0-1

[Event "11.C.to Italiano femminile"]
[Site "Amelia ITA"]
[Date "1981.10.22"]
[Round "7"]
[White "Chiapponi, Paola"]
[Black "Pernici, Barbara"]
[Result "0-1"]
[WhiteElo "1400"]
[BlackElo "2000"]
[Annotator "Gabriele Ballarin"]
[PlyCount "98"]
[EventDate "1981.10.15"]
[EventType "swiss"]
[EventRounds "9"]
[EventCountry "ITA"]

1. d4 d5 2. Nf3 Nf6 3. e3 e6 4. Bd3 Be7 5. O-O O-O 6. c3 c5 7. b3 b6 8. Nbd2 Bb7 9. Re1 Ne4 10. Bb2 Nd7 11. Qc2 Ndf6 12. Ne5 Rc8 13. f3 Nxd2 14. Qxd2 Rc7 15. e4 dxe4 16. fxe4 Qa8 17. Qf4 Bd6 18. Re2 Nd7 19. Qh4 Nxe5 20. dxe5 Bxe5 21. Rae1 Qd8 22. Qh5 f6 23. Qh3 Re8 24. Bc4 Qd7 25. Bc1 b5 26. Rd2 Qc6 27. Bf1 Rd7 28. Rxd7 Qxd7 29. Qe3 b4 30. Bb2 Qd6 31. Qh3 Qd2 32. Re2 Qd1 33. Qe3 bxc3 34. Bxc3 Bd4 35. Bxd4 cxd4 36. Qf2 e5 37. Rd2 Qb1 38. Qf5 Qxe4 39. Qd7 Qc6 40. Bc4+ Kh8 41. Qf7 Rd8 42. Qe7 Qd7 43. Qa3 Bc6 44. Rd3 e4 45. Rh3 d3 46. Qc1 Qd4+ 47. Kh1 d2 48. Qd1 g6 49. Bf7 Qa1 0-1

[Event "11.C.to Italiano femminile"]
[Site "Amelia ITA"]
[Date "1981.10.22"]
[Round "7"]
[White "Iacono, Rosaria"]
[Black "Minniti, Enza"]
[Result "1/2-1/2"]
[WhiteElo "1400"]
[BlackElo "1400"]
[Annotator "Gabriele Ballarin"]
[PlyCount "104"]
[EventDate "1981.10.15"]
[EventType "swiss"]
[EventRounds "9"]
[EventCountry "ITA"]

1. b3 b6 2. Bb2 Bb7 3. e3 e6 4. Nf3 Nf6 5. Be2 Be7 6. O-O O-O 7. c4 c5 8. d4 d6 9. Nc3 Nbd7 10. Qc2 d5 11. cxd5 Nxd5 12. Nxd5 Bxd5 13. e4 Bb7 14. Rac1 Rc8 15. Qb1 Nf6 16. dxc5 Bxe4 17. Qa1 bxc5 18. Rfd1 Qb6 19. Nd2 Bd5 20. Rc2 Qb7 21. Bf3 Bxf3 22. Nxf3 Rc7 23. Be5 Rc6 24. Qc3 Nh5 25. g4 Nf6 26. g5 Nh5 27. Nd4 Rcc8 28. Qh3 g6 29. Nf3 Qe4 30. Rdc1 Qd5 31. Rd2 Qb7 32. Qg4 Rfd8 33. h4 Rxd2 34. Nxd2 Rd8 35. Ne4 Qb4 36. Qf3 Rc8 37. Qe2 Qb6 38. Qc4 a5 39. Bd4 Nf4 40. Nf6+ Bxf6 41. Bxf6 Nd5 42. Bb2 Qb4 43. Qe2 Qxh4 44. Qe5 Qg4+ 45. Kf1 Qh3+ 46. Ke1 f6 47. gxf6 Kf7 48. Qd6 Rc7 49. Rxc5 Qh1+ 50. Kd2 Qh6+ 51. Ke1 Qh1+ 52. Kd2 Qh6+ 1/2-1/2

[Event "11.C.to Italiano femminile"]
[Site "Amelia ITA"]
[Date "1981.10.22"]
[Round "7"]
[White "Leoni, Laura"]
[Black "Gramignani, Rita"]
[Result "0-1"]
[WhiteElo "1400"]
[BlackElo "1800"]
[Annotator "Gabriele Ballarin"]
[PlyCount "59"]
[EventDate "1981.10.15"]
[EventType "swiss"]
[EventRounds "9"]
[EventCountry "ITA"]

1. d4 Nf6 2. Nf3 g6 3. Bg5 Bg7 4. g3 d6 5. Bg2 h6 6. Bxf6 Bxf6 7. O-O O-O 8. Re1 c6 9. e4 Bg7 10. c3 Qc7 11. Nbd2 Nd7 12. Qb3 e5 13. Re3 Rb8 14. h4 Nf6 15. Nh2 h5 16. Rf1 Bd7 17. Re2 Ng4 18. Nxg4 Bxg4 19. f3 Bd7 20. d5 cxd5 21. exd5 f5 22. f4 e4 23. Re3 Be8 24. Rfe1 Qc5 25. Nc4 b5 26. Bf1 Bf7 27. Kf2 bxc4 28. Qc2 Rb6 29. b4 cxb3 30. axb3 {Nur} 0-1

[Event "11.C.to Italiano femminile"]
[Site "Amelia ITA"]
[Date "1981.10.22"]
[Round "7"]
[White "Perini, Gianna"]
[Black "Moscatiello, Annamaria"]
[Result "1-0"]
[WhiteElo "1400"]
[BlackElo "1400"]
[Annotator "Gabriele Ballarin"]
[PlyCount "38"]
[EventDate "1981.10.15"]
[EventType "swiss"]
[EventRounds "9"]
[EventCountry "ITA"]

1. d4 d5 2. Nf3 Bf5 3. e3 e6 4. Bd3 Bg6 5. Nc3 Nf6 6. O-O c5 7. dxc5 Bxc5 8. Re1 O-O 9. Nb5 Nc6 10. c3 a6 11. Nbd4 Qc7 12. Nxc6 bxc6 13. h4 Bxd3 14. Qxd3 Bd6 15. g3 c5 16. c4 Qb7 17. b3 a5 18. Rb1 Rfb8 19. Bb2 Be7 {Nur} 1-0

[Event "11.C.to Italiano femminile"]
[Site "Amelia ITA"]
[Date "1981.10.23"]
[Round "8"]
[White "Ameglio, Lucia"]
[Black "Granatelli, Alda"]
[Result "0-1"]
[WhiteElo "800"]
[BlackElo "1200"]
[Annotator "Gabriele Ballarin"]
[PlyCount "62"]
[EventDate "1981.10.15"]
[EventType "swiss"]
[EventRounds "9"]
[EventCountry "ITA"]

1. d4 d5 2. c4 dxc4 3. Qa4+ Nc6 4. Qxc4 Qxd4 5. Qc2 Nf6 6. g3 Qe4 7. Qxe4 Nxe4 8. Bg2 Nf6 9. Nf3 Nb4 10. Na3 c6 11. O-O Bd7 12. Bd2 e6 13. Rfd1 Be7 14. Ne5 Nbd5 15. Rac1 Bxa3 16. bxa3 O-O 17. Nxd7 Nxd7 18. e4 N5f6 19. Bc3 Rad8 20. Rd2 Nb6 21. Rcd1 Rxd2 22. Rxd2 Re8 23. e5 Nfd5 24. Bd4 Nc4 25. Rd3 b6 26. Be4 c5 27. Ba1 Rd8 28. Bc3 Nxa3 29. Be1 Nb5 30. a3 Nd4 31. Rd2 Nc6 0-1

[Event "11.C.to Italiano femminile"]
[Site "Amelia ITA"]
[Date "1981.10.23"]
[Round "8"]
[White "Corleo, Margherita"]
[Black "Minniti, Enza"]
[Result "1-0"]
[WhiteElo "1200"]
[BlackElo "1400"]
[Annotator "Gabriele Ballarin"]
[PlyCount "111"]
[EventDate "1981.10.15"]
[EventType "swiss"]
[EventRounds "9"]
[EventCountry "ITA"]

1. e4 e5 2. Nf3 Nc6 3. Bb5 a6 4. Ba4 b5 5. Bb3 Nf6 6. d3 d6 7. h3 h6 8. c3 Be7 9. O-O O-O 10. Re1 Na5 11. Bc2 c5 12. Nbd2 Be6 13. Nf1 Nh7 14. Ng3 Ng5 15. Be3 f6 16. Nh4 Rf7 17. Ng6 Qd7 18. Nxe7+ Rxe7 19. h4 Nh7 20. d4 cxd4 21. cxd4 exd4 22. Bxd4 Nc6 23. Be3 d5 24. Bc5 Rf7 25. exd5 Qxd5 26. Qxd5 Bxd5 27. Be4 Bxe4 28. Rxe4 Rd7 29. Rae1 Kf7 30. Nf5 Ne5 31. R1e2 Rd1+ 32. Kh2 Rad8 33. f4 Nc6 34. g4 R1d5 35. b4 Rd2 36. Kg2 Rxe2+ 37. Rxe2 Kg8 38. Kf2 Nf8 39. Ne7+ Nxe7 40. Bxe7 Re8 41. Bxf8 Kxf8 42. Rxe8+ Kxe8 43. Ke3 Kd7 44. Ke4 Ke6 45. h5 Kd6 46. Kf5 Kd5 47. Kg6 Ke4 48. Kxg7 Kxf4 49. Kxh6 Kxg4 50. Kg6 f5 51. h6 f4 52. h7 f3 53. h8=Q f2 54. Qh1 Kg3 55. Qf1 Kf3 56. Kf5 1-0

[Event "11.C.to Italiano femminile"]
[Site "Amelia ITA"]
[Date "1981.10.23"]
[Round "8"]
[White "Gramignani, Rita"]
[Black "Chiapponi, Paola"]
[Result "1-0"]
[WhiteElo "1800"]
[BlackElo "1400"]
[Annotator "Gabriele Ballarin"]
[PlyCount "77"]
[EventDate "1981.10.15"]
[EventType "swiss"]
[EventRounds "9"]
[EventCountry "ITA"]

1. e4 e5 2. Nf3 Nf6 3. Nxe5 d6 4. Nf3 Nxe4 5. d4 d5 6. Bd3 Be7 7. h3 Nd7 8. Bf4 Ndf6 9. O-O Be6 10. c3 O-O 11. Qc2 Qd7 12. Ne5 Qc8 13. f3 Nd6 14. g4 h6 15. Bg3 c5 16. dxc5 Qxc5+ 17. Bf2 Qc7 18. Bd4 Nde8 19. Qf2 a6 20. Nd2 Nd7 21. f4 Nxe5 22. Bxe5 Qd8 23. Nf3 f5 24. Qg2 Nf6 25. gxf5 Bf7 26. Nd4 Bc5 27. Kh2 Re8 28. Rg1 Bf8 29. Rad1 Qa5 30. Qf2 Be7 31. Rg2 Kh8 32. Rdg1 Rg8 33. Qf3 Bh5 34. Qf2 Bf7 35. Qh4 h5 36. Kh1 Kh7 37. Ne6 g6 38. Bxf6 Bxf6 39. Qxf6 1-0

[Event "11.C.to Italiano femminile"]
[Site "Amelia ITA"]
[Date "1981.10.23"]
[Round "8"]
[White "Moscatiello, Annamaria"]
[Black "Belfiore, Argentina"]
[Result "1-0"]
[WhiteElo "1400"]
[BlackElo "1400"]
[Annotator "Gabriele Ballarin"]
[PlyCount "81"]
[EventDate "1981.10.15"]
[EventType "swiss"]
[EventRounds "9"]
[EventCountry "ITA"]

1. e4 d6 2. d4 Nf6 3. Nc3 a6 4. Bg5 Nbd7 5. Qd2 h6 6. Bh4 Nb6 7. Be2 e6 8. Nf3 Be7 9. O-O Nfd7 10. Bxe7 Qxe7 11. Rfe1 O-O 12. Rad1 Re8 13. Bf1 Nf8 14. b3 Bd7 15. Nb1 Nh7 16. c4 e5 17. h3 Rad8 18. Nc3 Bc8 19. Qc2 Ng5 20. Nh2 Be6 21. Qe2 Qf6 22. dxe5 dxe5 23. Nd5 Nxd5 24. exd5 Bd7 25. Ng4 Bxg4 26. Qxg4 e4 27. h4 Nf3+ 28. gxf3 exf3 29. Bd3 Kf8 30. Kf1 Rxe1+ 31. Rxe1 g6 32. Qe4 h5 33. Bc2 Rc8 34. Bd1 c6 35. dxc6 bxc6 36. Bxf3 Kg8 37. Bg2 a5 38. Rd1 Rd8 39. Rxd8+ Qxd8 40. Qe2 Qxh4 41. Bxc6 1-0

[Event "11.C.to Italiano femminile"]
[Site "Amelia ITA"]
[Date "1981.10.23"]
[Round "8"]
[White "Pernici, Barbara"]
[Black "Perini, Gianna"]
[Result "1-0"]
[WhiteElo "2000"]
[BlackElo "1400"]
[Annotator "Gabriele Ballarin"]
[PlyCount "109"]
[EventDate "1981.10.15"]
[EventType "swiss"]
[EventRounds "9"]
[EventCountry "ITA"]

1. e4 d5 2. exd5 Nf6 3. d4 Nxd5 4. c4 Nb6 5. h3 g6 6. Nf3 Bg7 7. Be2 O-O 8. O-O Bf5 9. Nc3 Nc6 10. Be3 e5 11. d5 Ne7 12. Qd2 Qd7 13. Bh6 Rad8 14. Bxg7 Kxg7 15. Nxe5 Qd6 16. Qd4 Qf6 17. g4 Bc8 18. Ne4 c5 19. Nxf6 cxd4 20. g5 Bxh3 21. Rfd1 h6 22. f4 hxg5 23. fxg5 Nf5 24. Rd2 Rh8 25. Bf3 Rh4 26. c5 Nc8 27. d6 Ncxd6 28. cxd6 Nxd6 29. Rc1 Be6 30. b3 Nf5 31. Bxb7 Rdh8 32. Rcc2 Ne3 33. Rb2 Rh3 34. Kf2 Rb8 35. Be4 Rc8 36. Nf3 Rc1 37. Nxd4 Nd1+ 38. Rxd1 Rxd1 39. Nxe6+ fxe6 40. Rc2 Kf8 41. Rc8+ Ke7 42. Rc7+ Kd8 43. Rc2 Rh2+ 44. Bg2 Rh4 45. Ne4 Rf4+ 46. Ke2 Rd5 47. Rc6 Ke7 48. Ke3 Rff5 49. Bh3 Rfe5 50. Rc7+ Rd7 51. Rxd7+ Kxd7 52. b4 Rb5 53. a3 a5 54. Bf1 Rd5 55. Nf6+ 1-0

[Event "11.C.to Italiano femminile"]
[Site "Amelia ITA"]
[Date "1981.10.24"]
[Round "9"]
[White "Belfiore, Argentina"]
[Black "Iacono, Rosaria"]
[Result "0-1"]
[WhiteElo "1400"]
[BlackElo "1400"]
[Annotator "Gabriele Ballarin"]
[PlyCount "82"]
[EventDate "1981.10.15"]
[EventType "swiss"]
[EventRounds "9"]
[EventCountry "ITA"]

1. e4 e6 2. d4 d5 3. Nd2 Nf6 4. e5 Nfd7 5. Bd3 c5 6. c3 Nc6 7. Ngf3 cxd4 8. cxd4 Nb6 9. O-O Bd7 10. Nb3 a5 11. Nc5 Nxd4 12. Nxb7 Nxf3+ 13. Qxf3 Qc7 14. Nd6+ Bxd6 15. exd6 Qxd6 16. Bf4 Qe7 17. Rac1 O-O 18. Be5 Qg5 19. Bf4 Qf6 20. Qh3 h6 21. Qe3 Nc4 22. Bxc4 dxc4 23. Be5 Qg6 24. Rfd1 Bc6 25. f3 Bd5 26. Rd4 Qg5 27. Bf4 Qg6 28. Kf2 f6 29. Rxd5 exd5 30. Qe6+ Qf7 31. Qe3 Qa7 32. Rd1 Qxe3+ 33. Bxe3 Rfd8 34. Bd4 a4 35. a3 Rab8 36. Kg3 Rb3 37. Bc3 Kf7 38. h4 Ke6 39. f4 d4 40. Kf2 dxc3 41. Rxd8 cxb2 0-1

[Event "11.C.to Italiano femminile"]
[Site "Amelia ITA"]
[Date "1981.10.24"]
[Round "9"]
[White "Chiapponi, Paola"]
[Black "Leoni, Laura"]
[Result "0-1"]
[WhiteElo "1400"]
[BlackElo "1400"]
[Annotator "Gabriele Ballarin"]
[PlyCount "39"]
[EventDate "1981.10.15"]
[EventType "swiss"]
[EventRounds "9"]
[EventCountry "ITA"]

1. d4 d6 2. Nf3 g6 3. e3 Bg4 4. Bd3 Bg7 5. h3 Bd7 6. c4 Nf6 7. Nc3 O-O 8. Qc2 Re8 9. Bd2 e5 10. O-O-O Qe7 11. dxe5 dxe5 12. Ne4 Bc6 13. Nxf6+ Bxf6 14. e4 Nd7 15. g4 Rad8 16. Bh6 Nc5 17. Ne1 Nxd3+ 18. Nxd3 Bxe4 19. Rhe1 Bf3 20. Rd2 {Nur} 0-1

[Event "11.C.to Italiano femminile"]
[Site "Amelia ITA"]
[Date "1981.10.24"]
[Round "9"]
[White "Granatelli, Alda"]
[Black "Gramignani, Rita"]
[Result "0-1"]
[WhiteElo "1200"]
[BlackElo "1800"]
[Annotator "Gabriele Ballarin"]
[PlyCount "75"]
[EventDate "1981.10.15"]
[EventType "swiss"]
[EventRounds "9"]
[EventCountry "ITA"]

1. e4 g6 2. d4 Bg7 3. Nf3 d6 4. c3 Nc6 5. Bb5 Bd7 6. O-O Nf6 7. Re1 O-O 8. Nbd2 a6 9. Ba4 b5 10. Bc2 e5 11. Nf1 Bg4 12. d5 Ne7 13. h3 Bd7 14. Be3 c6 15. dxc6 Bxc6 16. Bg5 h6 17. Bd2 Qc7 18. Qc1 Kh7 19. g4 Ne8 20. Ng3 Qd7 21. Nh4 Nc7 22. Kh2 Ne6 23. Rf1 d5 24. f3 Rac8 25. exd5 Nxd5 26. Ne4 Nef4 27. Qd1 Qe7 28. Ng2 Nxg2 29. Kxg2 Rfd8 30. Qe1 Nf4+ 31. Bxf4 exf4 32. h4 Re8 33. Rd1 Rcd8 34. Rxd8 Qxd8 35. Qd1 Qxh4 36. Rh1 Qe7 37. Qe2 Qe5 38. Rd1 {Nur} 0-1

[Event "11.C.to Italiano femminile"]
[Site "Amelia ITA"]
[Date "1981.10.24"]
[Round "9"]
[White "Minniti, Enza"]
[Black "Ameglio, Lucia"]
[Result "1-0"]
[WhiteElo "1400"]
[BlackElo "800"]
[Annotator "Gabriele Ballarin"]
[PlyCount "49"]
[EventDate "1981.10.15"]
[EventType "swiss"]
[EventRounds "9"]
[EventCountry "ITA"]

1. d4 d5 2. c4 dxc4 3. Nf3 b6 4. e3 Bb7 5. Bxc4 e6 6. O-O Bd6 7. Nc3 Nf6 8. Re1 O-O 9. e4 Bb4 10. Qd3 Nc6 11. a3 Bxc3 12. bxc3 Na5 13. Ba2 Re8 14. Qc2 Rc8 15. Bg5 c5 16. Rad1 Qc7 17. Bxf6 gxf6 18. Rd3 Kh8 19. e5 Rg8 20. exf6 Bxf3 21. Rxf3 Rxg2+ 22. Kxg2 Rg8+ 23. Rg3 Qc6+ 24. Qe4 Qd6 25. Bb1 1-0

[Event "11.C.to Italiano femminile"]
[Site "Amelia ITA"]
[Date "1981.10.24"]
[Round "9"]
[White "Pernici, Barbara"]
[Black "Corleo, Margherita"]
[Result "1-0"]
[WhiteElo "2000"]
[BlackElo "1200"]
[Annotator "Gabriele Ballarin"]
[PlyCount "52"]
[EventDate "1981.10.15"]
[EventType "swiss"]
[EventRounds "9"]
[EventCountry "ITA"]

1. e4 c5 2. c3 d6 3. Nf3 g6 4. d4 cxd4 5. cxd4 Bg7 6. Nc3 a6 7. Be2 Nf6 8. O-O O-O 9. h3 Qc7 10. Be3 e6 11. Rc1 Qd7 12. Na4 Qd8 13. d5 Nbd7 14. dxe6 fxe6 15. Qxd6 Re8 16. Nc3 Bf8 17. Qd2 Qe7 18. Rcd1 b5 19. e5 Nh5 20. Ne4 Qb4 21. Qxb4 Bxb4 22. g4 Bb7 23. Rxd7 Bxe4 24. gxh5 Bf5 25. Rc7 Bf8 26. Ng5 Rac8 {Nur} 1-0

[Event "40.C.to Italiano di Cat.Mag. Semif."]
[Site "Napoli ITA"]
[Date "1981.12.05"]
[Round "1.1"]
[White "Favale, Paolo"]
[Black "Lupo, Alfredo"]
[Result "1-0"]
[WhiteElo "1900"]
[BlackElo "1900"]
[Annotator "Gabriele Ballarin"]
[PlyCount "29"]
[EventDate "1981.12.05"]
[EventType "swiss"]
[EventRounds "2"]
[EventCountry "ITA"]

1. e4 e5 2. Nf3 Nc6 3. Bb5 a6 4. Ba4 Nf6 5. O-O Be7 6. d4 b5 7. Bb3 Nxd4 8. Nxd4 c5 9. Nf5 c4 10. Nxg7+ Kf8 11. Bh6 Kg8 12. Qf3 Bf8 13. Qg3 Nxe4 14. Qg4 Qb6 15. Ne6+ 1-0

[Event "40.C.to Italiano di Cat.Mag. Semif."]
[Site "Napoli ITA"]
[Date "1981.12.05"]
[Round "1.2"]
[White "Falchetta, Giovanni"]
[Black "Crispino, Giuseppe"]
[Result "1-0"]
[WhiteElo "1995"]
[BlackElo "2076"]
[Annotator "Gabriele Ballarin"]
[PlyCount "65"]
[EventDate "1981.12.05"]
[EventType "swiss"]
[EventRounds "2"]
[EventCountry "ITA"]

1. c4 Nf6 2. Nc3 g6 3. g3 Bg7 4. Bg2 O-O 5. Nf3 d6 6. d4 Nbd7 7. O-O c6 8. e4 Qc7 9. h3 e5 10. Be3 Re8 11. Qc2 b5 12. cxb5 cxb5 13. Rac1 a6 14. dxe5 dxe5 15. Qb3 Qb8 16. Ng5 Rf8 17. Nd5 Nxd5 18. exd5 Bb7 19. Rfd1 Nf6 20. Bc5 Rd8 21. Be7 Rd7 22. d6 Qe8 23. Bc6 Bxc6 24. Rxc6 h6 25. Bxf6 hxg5 26. Bxg5 Bf8 27. Qd5 Kg7 28. Be3 f6 29. Bb6 Qf7 30. Rc7 Qxd5 31. Rxd7+ Qf7 32. Rxf7+ Kxf7 33. d7 1-0

[Event "40.C.to Italiano di Cat.Mag. Semif."]
[Site "Napoli ITA"]
[Date "1981.12.05"]
[Round "1.3"]
[White "Sibilio, Mario"]
[Black "Lagumina, Giulio"]
[Result "1/2-1/2"]
[WhiteElo "2329"]
[BlackElo "2138"]
[Annotator "Gabriele Ballarin"]
[PlyCount "37"]
[EventDate "1981.12.05"]
[EventType "swiss"]
[EventRounds "2"]
[EventCountry "ITA"]

1. Nf3 Nf6 2. g3 g6 3. Bg2 Bg7 4. d4 O-O 5. O-O d6 6. b3 e5 7. dxe5 dxe5 8. Bb2 e4 9. Qxd8 Rxd8 10. Nfd2 Re8 11. Na3 e3 12. fxe3 Ng4 13. Bxg7 Kxg7 14. Ndc4 Nxe3 15. Nxe3 Rxe3 16. Nb5 Re7 17. Rfd1 Nc6 18. Bxc6 bxc6 19. Nc3 1/2-1/2